000 00971nam a22002775i 4500
001 176185
003 ES-MaACL
005 20230906220020.0
008 101222s1977 sp |||| | spa d
020 _a84-345-1588-1
080 _a616.15
245 0 0 _aTransfusiones /
_cdirector, J.D. Cash ; consejo editorial H.G. Lasch ... [et al.] ; [versión castellana de J. Dachs ; revisión científica del texto a cargo de E. Chabás].
260 _aBarcelona :
_bSalvat,
_c[1977]
300 _aX, 248 p. ;
_c25 cm.
490 1 _aClínica hematológica ;
_v4/1
504 _aBibliografía.
650 4 _aSangre-
_xTransfusión.
_9144478
650 4 _aHematología.
_913300
700 1 _aCash, J. D.
_9144476
700 1 _aLasch, Hans-Gotthard.
_9144469
700 1 _aDachs Orrit, José María.
_942410
700 1 _aChabás, E.
_9144477
830 1 _aClínica hematológica ;
_v4/1
_9187616
852 _aES-MaACL
_jE-13862
_xOlim P-372
999 _c176185
_d176185